[Event "FIDE World Rapid Team"]
[Site "Almaty KAZ"]
[Date "2024.08.02"]
[Round "3.10"]
[White "Sadvakasov, Darmen"]
[Black "Sameh Mohamed, Abdalrahman"]
[Result "1-0"]
[WhiteTitle "GM"]
[WhiteElo "2629"]
[BlackElo "2259"]
[WhiteTeam "Kazchess"]
[BlackTeam "Egypt"]
[WhiteFideId "13700464"]
[BlackFideId "54262674"]
[EventDate "2024.08.02"]

1. e4 e5 2. Nf3 Nc6 3. Bb5 a6 4. Ba4 Nf6 5. O-O Be7 6. Re1 b5 7. Bb3 d6 8. c3
O-O 9. h3 Nb8 10. d4 Nbd7 11. Bg5 Bb7 12. Nbd2 h6 13. Bh4 c5 14. dxe5 dxe5 15.
Nh2 c4 16. Bc2 Nc5 17. Qe2 Qc7 18. Bxf6 Bxf6 19. Ng4 Be7 20. Ne3 Rad8 21. Nf5
Kh7 22. Nf1 g6 23. Nxe7 Qxe7 24. Rad1 Bc6 25. Qe3 Kg7 26. Nh2 Ne6 27. g3 h5 28.
h4 Qc5 29. Qe2 b4 30. Nf1 bxc3 31. bxc3 Bb5 32. Ne3 Qa3 33. Nd5 Nc5 34. Qe3 Nd3
35. Bxd3 cxd3 36. Qf3 Rd6 37. Rd2 Rfd8 38. Rb1 Bc4 39. Rb7 Bxd5 40. exd5 Rf6 41.
Qxd3 Rc8 42. Rb3 Qa4 43. d6 Rd8 44. d7 Re6 45. c4 Re7 46. Rb7 Qc6 47. Qd5 Qa4
48. c5 Qa5 49. c6 Qa4 50. Qd6 Re6 51. Qc7 Qxc6 52. Qxd8 Qc1+ 53. Kg2 Qxd2 54.
Rb8 Qd5+ 55. Kh2 Qf3 56. Qh8# 1-0

[Event "FIDE World Rapid Team"]
[Site "Almaty KAZ"]
[Date "2024.08.02"]
[Round "3.11"]
[White "Wafa, Shrook"]
[Black "Assaubayeva, Bibisara"]
[Result "0-1"]
[WhiteTitle "WGM"]
[BlackTitle "IM"]
[WhiteElo "2137"]
[BlackElo "2470"]
[WhiteTeam "Egypt"]
[BlackTeam "Kazchess"]
[WhiteFideId "10609970"]
[BlackFideId "13708694"]
[EventDate "2024.08.02"]

1. e4 e5 2. Nf3 Nc6 3. Bb5 a6 4. Ba4 Nf6 5. d4 exd4 6. O-O Be7 7. Re1 O-O 8. e5
Ne8 9. c3 dxc3 10. Nxc3 d6 11. exd6 Bxd6 12. Bg5 Qd7 13. Ne4 Bb4 14. Qxd7 Bxd7
15. Red1 Bf5 16. Ng3 Be6 17. a3 Bd6 18. Ne4 b5 19. Bc2 h6 20. Be3 Na5 21. Nc5
Bxc5 22. Bxc5 Nd6 23. Nd4 Bg4 24. f3 Bd7 25. Be4 Rab8 26. b4 Nac4 27. Nc6 Rbe8
28. Bd5 Ne3 29. Bxe3 Rxe3 30. Kf2 Rfe8 31. Re1 Rd3 32. Rxe8+ Bxe8 33. Re1 Kf8
34. Ne7 Rxa3 35. Bc6 Bxc6 36. Nxc6 Ra2+ 37. Kg3 g6 38. Rc1 Nc4 39. Re1 a5 40.
bxa5 Nxa5 41. Nd4 b4 42. Rc1 b3 43. Nxb3 Nxb3 44. Rxc7 Nd4 45. Kh3 Ne6 46. Rc8+
Kg7 47. Rc4 Kf6 48. f4 g5 49. fxg5+ hxg5 50. g3 Ke5 51. Rb4 f5 52. g4 Nf4+ 53.
Kg3 Rg2+ 54. Kf3 fxg4+ 55. Ke3 Re2# 0-1

[Event "FIDE World Rapid Team"]
[Site "Almaty KAZ"]
[Date "2024.08.02"]
[Round "3.12"]
[White "Ayapov, Alimzhan"]
[Black "Allam, Yara"]
[Result "1-0"]
[BlackTitle "WCM"]
[WhiteElo "2001"]
[BlackElo "1920"]
[WhiteTeam "Kazchess"]
[BlackTeam "Egypt"]
[WhiteFideId "13727125"]
[BlackFideId "10615709"]
[EventDate "2024.08.02"]

1. d4 d5 2. Nc3 Nf6 3. Bf4 c5 4. e3 Nc6 5. Nb5 e5 6. dxe5 Ne4 7. e6 Bxe6 8. Nc7+
Ke7 9. Nxa8 Qxa8 10. Nf3 g6 11. Bd3 Nf6 12. O-O Bg7 13. c3 Rd8 14. h3 Qc8 15.
Qa4 Kf8 16. Qa3 b6 17. Ba6 Qa8 18. Bb5 Rc8 19. Nd4 Nxd4 20. exd4 Kg8 21. dxc5
Rxc5 22. Bd3 Bf8 23. Qa4 Qb7 24. Be5 Nd7 25. Bd4 Rc8 26. Ba6 1-0

[Event "FIDE World Rapid Team"]
[Site "Almaty KAZ"]
[Date "2024.08.02"]
[Round "3.13"]
[White "Aitbayev, Aslan"]
[Black "Nihal, Sarin"]
[Result "0-1"]
[WhiteTitle "IM"]
[BlackTitle "GM"]
[WhiteElo "2380"]
[BlackElo "2668"]
[WhiteTeam "Astana-2"]
[BlackTeam "Ashdod Chess Club"]
[WhiteFideId "13704613"]
[BlackFideId "25092340"]
[EventDate "2024.08.02"]

1. e4 c5 2. Nf3 d6 3. d4 cxd4 4. Nxd4 Nf6 5. Nc3 a6 6. Be3 e5 7. Nf3 Be7 8. Bc4
Be6 9. Bxe6 fxe6 10. Ng5 Qd7 11. Qf3 d5 12. O-O-O d4 13. Bxd4 exd4 14. e5 O-O
15. Qh3 h6 16. exf6 Rxf6 17. Nge4 Rf5 18. Kb1 Nc6 19. Ne2 Raf8 20. Qd3 Rd5 21.
f4 Nb4 22. Qb3 a5 23. c4 dxc3 24. N2xc3 Rxf4 25. Nxd5 exd5 26. Ng3 Qe6 27. a3 a4
28. Qc3 d4 29. Rxd4 Qa2+ 30. Kc1 Rf2 31. Qc4+ Qxc4+ 32. Rxc4 Nd3+ 33. Kd1 Nxb2+
34. Ke1 Nd3+ 35. Kd1 Ra2 36. Rc8+ Kh7 37. Rf1 Bxa3 38. Rf7 Rxg2 39. Rxb7 Rxh2
40. Nf5 Bb2 41. Rc2 Rh5 42. Ng3 Rd5 43. Ke2 a3 44. Ra7 Nb4 45. Rc4 a2 46. Rxb4
a1=Q 47. Rxa1 Bxa1 48. Kf3 Be5 49. Ne2 Rd7 50. Rb6 Rf7+ 51. Kg2 Re7 52. Kf3 g6
53. Ra6 Kg7 54. Nc1 Bd4 55. Rd6 Bc5 56. Rd5 Bb6 57. Nd3 Bc7 58. Nc5 h5 59. Ne4
Kh6 60. Rc5 Be5 61. Rb5 Rf7+ 62. Kg2 Rf5 63. Rb6 Rf4 64. Rb4 h4 65. Rc4 g5 66.
Rc6+ Kh5 67. Nf2 Bd4 68. Nh3 Rf5 69. Rc4 Bc5 70. Re4 Rd5 71. Rc4 Rd2+ 72. Kf1
Bd4 73. Ke1 Rd3 74. Nxg5 Kxg5 75. Ke2 Re3+ 76. Kd2 Re4 0-1

[Event "FIDE World Rapid Team"]
[Site "Almaty KAZ"]
[Date "2024.08.02"]
[Round "3.14"]
[White "Eljanov, Pavel"]
[Black "Akhmetov, Ayan"]
[Result "1-0"]
[WhiteTitle "GM"]
[BlackTitle "IM"]
[WhiteElo "2672"]
[BlackElo "2380"]
[WhiteTeam "Ashdod Chess Club"]
[BlackTeam "Astana-2"]
[WhiteFideId "14102951"]
[BlackFideId "13703706"]
[EventDate "2024.08.02"]

1. d4 Nf6 2. c4 c5 3. d5 e6 4. Nc3 exd5 5. cxd5 d6 6. Nf3 g6 7. Nd2 a6 8. a4
Nbd7 9. e4 Bg7 10. Be2 O-O 11. O-O Rb8 12. Qc2 Ne8 13. Nc4 Ne5 14. Ne3 Nc7 15.
a5 Nd7 16. b3 b5 17. axb6 Nb5 18. Nxb5 axb5 19. Bb2 Rxb6 20. Bxg7 Kxg7 21. Ra5
Ba6 22. Rfa1 Nb8 23. Ng4 h5 24. Qb2+ f6 25. Ne3 Qe7 26. Bxh5 Qxe4 27. Bg4 Qe5
28. Qxe5 fxe5 29. g3 Rf7 30. Be2 Rc7 31. h4 c4 32. b4 Bc8 33. Bg4 Bxg4 34. Nxg4
Nd7 35. Ne3 e4 36. Nd1 c3 37. Rc1 Nf6 38. Rxc3 Rc4 39. Kg2 Rb7 40. Rxb5 Rxb5 41.
Rxc4 Rxd5 42. Nc3 Re5 43. b5 d5 44. Rc7+ Kh6 45. Ne2 Ng4 46. Nd4 e3 47. fxe3
Nxe3+ 48. Kf3 Nc4 49. g4 Re3+ 50. Kf4 Re4+ 51. Kg3 Re3+ 52. Nf3 g5 53. hxg5+ Kg6
54. Kf2 Rb3 55. Rc6+ Kg7 56. Nd4 Rb2+ 57. Kg3 Ne5 58. Re6 Ng6 59. b6 Rb4 60.
Nf5+ Kh7 61. Rc6 Rb3+ 62. Kf2 Ne5 63. g6+ Nxg6 64. Rc7+ Kh8 65. b7 Nf8 66. g5 d4
67. Nxd4 Rb6 68. g6 Kg8 69. g7 Ne6 70. Nxe6 1-0

[Event "FIDE World Rapid Team"]
[Site "Almaty KAZ"]
[Date "2024.08.02"]
[Round "3.15"]
[White "Akhmedinov, Satbek"]
[Black "Volokitin, Andrei"]
[Result "0-1"]
[WhiteTitle "FM"]
[BlackTitle "GM"]
[WhiteElo "2379"]
[BlackElo "2667"]
[WhiteTeam "Astana-2"]
[BlackTeam "Ashdod Chess Club"]
[WhiteFideId "13714287"]
[BlackFideId "14107090"]
[EventDate "2024.08.02"]

1. e4 c5 2. d4 cxd4 3. Qxd4 Nc6 4. Qd3 Nf6 5. Nc3 g6 6. Nf3 Bg7 7. Be2 d6 8. O-O
Bg4 9. Nd5 O-O 10. c3 Nd7 11. Bg5 h6 12. Bh4 g5 13. Bg3 Nc5 14. Qc2 f5 15. exf5
Bxf5 16. Qd1 Kh8 17. Ne3 Bh7 18. h4 Ne4 19. Bd3 Nxg3 20. fxg3 Qb6 21. Qe2 g4 22.
Nh2 Bxd3 23. Qxd3 Ne5 24. Qe2 h5 25. Kh1 e6 26. b3 d5 27. Nc2 Nd7 28. Nd4 Nc5
29. Rad1 Ne4 30. Rd3 Bxd4 31. cxd4 Qxd4 32. Re3 Kg7 33. Re1 Rac8 34. Nxg4 hxg4
35. Qxg4+ Kh8 36. Qh5+ Kg8 37. Qg6+ Qg7 38. Qxe6+ Qf7 39. Qg4+ Kh8 40. Kh2 Rc2
41. R1e2 Rxe2 42. Qxe2 Qg6 43. Qe1 Qg4 44. Qb4 Rf7 45. Qd4+ Nf6 46. Qxa7 Qd1 47.
Qb8+ Kh7 48. Rf3 Ng4+ 49. Kh3 Rg7 0-1

[Event "FIDE World Rapid Team"]
[Site "Almaty KAZ"]
[Date "2024.08.02"]
[Round "3.16"]
[White "Moiseenko, Alexander"]
[Black "Nugumanov, Bakhtiyar"]
[Result "1-0"]
[WhiteTitle "GM"]
[BlackTitle "IM"]
[WhiteElo "2562"]
[BlackElo "2288"]
[WhiteTeam "Ashdod Chess Club"]
[BlackTeam "Astana-2"]
[WhiteFideId "14102560"]
[BlackFideId "13701797"]
[EventDate "2024.08.02"]

1. d4 Nf6 2. c4 e6 3. Nc3 Bb4 4. Nf3 Bxc3+ 5. bxc3 d6 6. Nd2 e5 7. e4 Nc6 8. Bb2
O-O 9. Bd3 Ne7 10. Nf1 Ng6 11. Ne3 Nf4 12. Bc2 h5 13. f3 h4 14. g3 Ng6 15. Nf5
Nh7 16. Qe2 Qg5 17. Bc1 Qf6 18. Be3 Re8 19. O-O-O Be6 20. Kb1 a6 21. Nxh4 Nxh4
22. gxh4 Qxh4 23. Rhg1 Nf8 24. Rg3 Ng6 25. Rdg1 b5 26. d5 Bd7 27. c5 dxc5 28.
Bxc5 c6 29. Bb3 cxd5 30. Bxd5 Be6 31. Bxa8 Rxa8 32. Qf2 Qd8 33. h4 Qd3+ 34. Qc2
Qc4 35. Ba3 Kh8 36. h5 Nf4 37. Rxg7 Ne2 38. Qd2 Nf4 39. Be7 1-0

[Event "FIDE World Rapid Team"]
[Site "Almaty KAZ"]
[Date "2024.08.02"]
[Round "3.17"]
[White "Tokbayev, Anuar"]
[Black "Khotenashvili, Bella"]
[Result "0-1"]
[BlackTitle "GM"]
[WhiteElo "1880"]
[BlackElo "2427"]
[WhiteTeam "Astana-2"]
[BlackTeam "Ashdod Chess Club"]
[WhiteFideId "13724703"]
[BlackFideId "13602640"]
[EventDate "2024.08.02"]

1. d4 g6 2. c4 Bg7 3. Nf3 c5 4. d5 d6 5. Nc3 Bxc3+ 6. bxc3 e5 7. e4 Nd7 8. Bd3
h6 9. O-O g5 10. Be3 Nf8 11. Nd2 Ng6 12. g3 Bh3 13. Re1 N8e7 14. Be2 Qd7 15. a4
O-O 16. a5 Kg7 17. Bf3 f5 18. exf5 Qxf5 19. Be4 Qd7 20. Bg2 Rf7 21. Ne4 Bxg2 22.
Kxg2 Ng8 23. h3 Nf6 24. Nxf6 Rxf6 25. Qg4 Rd8 26. Rab1 Rf7 27. Rb2 Qxg4 28. hxg4
Rdd7 29. Reb1 e4 30. Rh1 Ne5 31. Re2 Nxg4 32. Bc1 Rde7 33. Rhe1 Re5 34. Bd2 Kg6
35. Bc1 h5 36. Rh1 Rf3 37. Bd2 Ref5 38. Be3 Ne5 39. Rb1 Rf7 40. Reb2 Nxc4 41.
Rxb7 Nxa5 42. Rb8 Kg7 43. Re8 R3f5 44. Rbb8 Nc4 45. Rg8+ Kf6 46. Rbe8 Nxe3+ 47.
fxe3 Rxd5 48. Rxe4 Rd2+ 49. Kf1 Rc2 50. Rge8 Rb7 51. Rf8+ Kg7 52. Rf2 Rxf2+ 53.
Kxf2 Kf6 54. Re8 g4 55. Rh8 Rb2+ 56. Ke1 Kf5 57. Rxh5+ Ke4 58. Rh6 d5 59. Re6+
Kf3 60. Re5 Re2+ 61. Kd1 Rxe3 62. Rxd5 Rxc3 63. Kd2 Rc4 64. Rd3+ Kf2 65. Ra3
Rd4+ 66. Kc2 c4 67. Rxa7 Kxg3 68. Kc3 Rf4 69. Ra2 Kf3 70. Kd2 g3 71. Ra3+ Kf2 0-1

[Event "FIDE World Rapid Team"]
[Site "Almaty KAZ"]
[Date "2024.08.02"]
[Round "3.18"]
[White "Tanikin, Isabek"]
[Black "Altynbek, Aiaru"]
[Result "0-1"]
[BlackTitle "WFM"]
[WhiteElo "1952"]
[BlackElo "1990"]
[WhiteTeam "Ashdod Chess Club"]
[BlackTeam "Astana-2"]
[WhiteFideId "13728717"]
[BlackFideId "13752472"]
[EventDate "2024.08.02"]

1. e4 c6 2. d4 d5 3. exd5 cxd5 4. c3 Nc6 5. Bf4 Nf6 6. Bd3 Bg4 7. Qb3 Qd7 8. Nd2
e6 9. Ngf3 Bd6 10. Bxd6 Qxd6 11. O-O O-O 12. h3 Bh5 13. Rfe1 Bg6 14. Bxg6 hxg6
15. Ne5 Rab8 16. a4 Nd7 17. Nxd7 Qxd7 18. Nf3 Rfc8 19. h4 Ne7 20. Ne5 Qd6 21. g3
Nf5 22. Kg2 a6 23. Nd3 b6 24. Rh1 b5 25. axb5 axb5 26. g4 Ne7 27. h5 gxh5 28.
Rxh5 Ng6 29. Rf1 Nf4+ 30. Nxf4 Qxf4 31. f3 g6 32. Rh3 Kg7 33. Rfh1 b4 34. Qc2
bxc3 35. bxc3 Rb7 36. Rh7+ Kf6 37. Rh8 Rc6 38. Rc1 Rcb6 39. Qd1 Rb2+ 40. Kh1 Rd2
41. Qf1 Rbb2 42. Qh3 Rh2+ 43. Qxh2 Rxh2+ 44. Rxh2 Qxc1+ 45. Kg2 Qxc3 0-1

[Event "FIDE World Rapid Team"]
[Site "Almaty KAZ"]
[Date "2024.08.02"]
[Round "3.19"]
[White "Sindarov, Javokhir"]
[Black "Grachev, Boris"]
[Result "1/2-1/2"]
[WhiteTitle "GM"]
[BlackTitle "GM"]
[WhiteElo "2674"]
[BlackElo "2585"]
[WhiteTeam "Royal Chess"]
[BlackTeam "GMs Kazahhstan"]
[WhiteFideId "14205483"]
[BlackFideId "4129199"]
[EventDate "2024.08.02"]

1. e4 c5 2. Nf3 e6 3. d4 cxd4 4. Nxd4 Nf6 5. Bd3 Nc6 6. Nxc6 bxc6 7. O-O d5 8.
e5 Nd7 9. Re1 a5 10. Nd2 Ba6 11. c4 Bb4 12. a3 Bxd2 13. Bxd2 Nc5 14. Qc2 Nxd3
15. Qxd3 dxc4 16. Qe3 O-O 17. Rad1 Qd3 18. Bxa5 Qxe3 19. Rxe3 c5 20. Ree1 Bb7
21. Bc3 Bd5 22. f3 Rfd8 23. Kf2 Kf8 24. Rd2 Ke7 25. Red1 f5 26. h4 g6 27. Ra1
Ra4 28. Rdd1 h6 29. Rac1 Rb8 30. Rc2 Kd7 31. Rdc1 Rh8 32. Bd2 Raa8 33. Ra1 Ra4
34. Rac1 Raa8 1/2-1/2

[Event "FIDE World Rapid Team"]
[Site "Almaty KAZ"]
[Date "2024.08.02"]
[Round "3.20"]
[White "Suleimen, Ergali"]
[Black "Yakubboev, Nodirbek"]
[Result "1/2-1/2"]
[WhiteTitle "FM"]
[BlackTitle "GM"]
[WhiteElo "2334"]
[BlackElo "2655"]
[WhiteTeam "GMs Kazahhstan"]
[BlackTeam "Royal Chess"]
[WhiteFideId "13724452"]
[BlackFideId "14203987"]
[EventDate "2024.08.02"]

1. e4 e5 2. Nf3 Nc6 3. Bb5 a6 4. Ba4 Nf6 5. O-O Be7 6. Re1 b5 7. Bb3 d6 8. a4
Bd7 9. c3 O-O 10. d4 h6 11. Nbd2 Re8 12. d5 Na7 13. Nf1 c5 14. dxc6 Nxc6 15. Ne3
Na5 16. Bc2 Qc7 17. b4 Nc4 18. Nxc4 Qxc4 19. Bd2 Be6 20. h3 Nd7 21. Nh2 Qc6 22.
Ng4 Bf8 23. Ne3 Nb6 24. axb5 axb5 25. Qe2 Nc4 26. Nxc4 Bxc4 27. Bd3 Bxd3 28.
Qxd3 Be7 29. Rec1 Rxa1 30. Rxa1 Rd8 31. Ra7 Bf8 32. Qf3 Rd7 33. Ra5 d5 34. exd5
Rxd5 35. Be3 e4 36. Qe2 Qxc3 37. Ra8 Qxb4 38. Qg4 f5 39. Qg6 Rd1+ 40. Kh2 Qd6+
41. Qxd6 Rxd6 42. Bc5 Rf6 43. Rb8 g5 44. h4 Rf7 45. hxg5 hxg5 46. Bxf8 Rxf8 47.
Rxb5 Kh7 48. g4 Kg6 49. gxf5+ Rxf5 50. Rb6+ Kh5 51. Kg2 Kg4 52. Rb4 Kf4 53. f3
Re5 54. Rxe4+ Rxe4 55. fxe4 Kxe4 56. Kg3 Kf5 57. Kf3 g4+ 58. Kg3 Kg5 59. Kg2 Kf4
60. Kf2 g3+ 61. Kg2 Kg4 62. Kg1 Kf3 63. Kf1 g2+ 64. Kg1 Kg3 1/2-1/2

[Event "FIDE World Rapid Team"]
[Site "Almaty KAZ"]
[Date "2024.08.02"]
[Round "3.21"]
[White "Vokhidov, Shamsiddin"]
[Black "Amangeldy, Ernur"]
[Result "1-0"]
[WhiteTitle "GM"]
[BlackTitle "FM"]
[WhiteElo "2643"]
[BlackElo "2274"]
[WhiteTeam "Royal Chess"]
[BlackTeam "GMs Kazahhstan"]
[WhiteFideId "14204223"]
[BlackFideId "13720244"]
[EventDate "2024.08.02"]

1. e4 c5 2. Nf3 d6 3. d4 cxd4 4. Nxd4 Nf6 5. Bd3 Nc6 6. Be3 Ng4 7. Nxc6 bxc6 8.
Bd2 Nf6 9. Nc3 g6 10. Qe2 Bg7 11. f4 O-O 12. h3 Rb8 13. O-O-O Qb6 14. Na4 Qc7
15. Rhe1 Bd7 16. Nc3 Nh5 17. e5 Ng3 18. Qf3 Nf5 19. g4 Nd4 20. Qe3 dxe5 21. fxe5
Qb7 22. b3 c5 23. Bc4 Bc6 24. Ne4 Qb6 25. Bc3 Bxe5 26. Nxc5 Qxc5 27. Qxe5 Qxe5
28. Rxe5 Nb5 29. Bb4 Nd6 30. Bxd6 exd6 31. Rxd6 Rbc8 32. Re7 a5 33. Rf6 Be8 34.
a4 Kg7 35. Ra6 Bxa4 36. Rxa5 Be8 37. Raa7 h6 38. Kb2 Kf6 39. h4 Rb8 40. Bd5 g5
41. h5 Rb6 42. c4 Ba4 43. Rxf7+ Rxf7 44. Rxf7+ Ke5 45. c5 Rb8 46. Rb7 Rf8 47.
Bc4 Bc6 48. Rb6 Bf3 49. Rxh6 Bxg4 50. Rg6 Kf4 51. h6 Bf5 52. Rg7 Rf6 53. Rf7
Rxf7 54. Bxf7 g4 55. Bd5 g3 56. c6 Be4 57. c7 g2 58. c8=Q g1=Q 59. Qc7+ Kf3 60.
Qc3+ Kf4 61. Bxe4 Qh2+ 62. Bc2 Qxh6 63. Qd2+ 1-0

[Event "FIDE World Rapid Team"]
[Site "Almaty KAZ"]
[Date "2024.08.02"]
[Round "3.22"]
[White "Petukhov, Alan"]
[Black "Vakhidov, Jakhongir"]
[Result "0-1"]
[BlackTitle "GM"]
[WhiteElo "2224"]
[BlackElo "2571"]
[WhiteTeam "GMs Kazahhstan"]
[BlackTeam "Royal Chess"]
[WhiteFideId "13731190"]
[BlackFideId "14201801"]
[EventDate "2024.08.02"]

1. c4 c5 2. Nf3 g6 3. g3 Bg7 4. Bg2 Nc6 5. O-O d6 6. e3 Nh6 7. d4 cxd4 8. exd4
Bg4 9. Qa4 O-O 10. d5 Bxf3 11. Bxf3 Ne5 12. Bg2 Nf5 13. Na3 Qc7 14. Rb1 a6 15.
Bd2 Rfc8 16. Qb3 Nxc4 17. Nxc4 Qxc4 18. Qf3 Qxa2 19. Bc3 Rc7 20. Rfe1 Bxc3 21.
bxc3 Qa3 22. Bh3 Nd4 23. Qe4 Nb5 24. Re3 Nxc3 25. Qc2 Qa5 26. Rxb7 Rxb7 27. Rxc3
Kg7 28. Qd2 Qb4 29. Qe3 a5 30. Bf1 a4 31. Rc4 Qb2 32. Rh4 h5 33. g4 Qe5 0-1

[Event "FIDE World Rapid Team"]
[Site "Almaty KAZ"]
[Date "2024.08.02"]
[Round "3.23"]
[White "Nurman, Alua"]
[Black "Kaliakhmet, Elnaz"]
[Result "1/2-1/2"]
[WhiteTitle "WIM"]
[BlackTitle "WFM"]
[WhiteElo "2324"]
[BlackElo "2137"]
[WhiteTeam "Royal Chess"]
[BlackTeam "GMs Kazahhstan"]
[WhiteFideId "13729390"]
[BlackFideId "13730169"]
[EventDate "2024.08.02"]

1. e4 c5 2. Nf3 Nc6 3. d4 cxd4 4. Nxd4 e5 5. Nb5 d6 6. N1c3 a6 7. Na3 b5 8. Nd5
Nf6 9. Bg5 Be7 10. Bxf6 Bxf6 11. c3 Rb8 12. Nc2 Bg5 13. Be2 O-O 14. O-O Be6 15.
Nce3 g6 16. a4 Bxe3 17. Nxe3 bxa4 18. Qxa4 Rxb2 19. Bxa6 Qb6 20. Bc4 Qc5 21. Bd5
Bxd5 22. Nxd5 Kg7 23. Qd1 Rb7 24. Qf3 f5 25. exf5 Rxf5 26. Qe4 Rbf7 27. Ne3 Rf4
28. Qd3 e4 29. Qd5 Qxd5 30. Nxd5 R4f5 31. Ne3 Rc5 32. Rad1 Rxc3 33. Rxd6 Ra7 34.
Re6 Ra4 35. h4 Kf7 36. Rd6 Rd4 37. Rxd4 Nxd4 38. Ra1 Rc1+ 39. Rxc1 Ne2+ 40. Kf1
Nxc1 1/2-1/2

[Event "FIDE World Rapid Team"]
[Site "Almaty KAZ"]
[Date "2024.08.02"]
[Round "3.25"]
[White "Kazakov, Konstantin"]
[Black "Makhnev, Denis"]
[Result "1/2-1/2"]
[WhiteTitle "IM"]
[BlackTitle "GM"]
[WhiteElo "2333"]
[BlackElo "2551"]
[WhiteTeam "Storm of Dragons"]
[BlackTeam "Astana-1"]
[WhiteFideId "13700898"]
[BlackFideId "13707647"]
[EventDate "2024.08.02"]

1. e4 e5 2. Nf3 Nc6 3. Nc3 Nf6 4. a3 d5 5. Bb5 d4 6. Ne2 Bd6 7. Ng3 O-O 8. O-O
Ne7 9. d3 h6 10. Nh4 Be6 11. Nhf5 Nxf5 12. Nxf5 Bxf5 13. exf5 c6 14. Bc4 Re8 15.
Qf3 a5 16. Re1 a4 17. Bd2 Bc7 18. g3 Ba5 19. Rad1 Qb6 20. Bxa5 Rxa5 21. Rb1 Rc5
22. b4 axb3 23. Bxb3 Qc7 24. Re2 b5 25. a4 bxa4 26. Bxa4 Nd5 27. Ree1 Nc3 28.
Ra1 Nxa4 29. Rxa4 Qd7 30. Qe4 Rxc2 31. Rxd4 Qa7 32. Qe3 Qxd4 33. Qxd4 exd4 34.
Rxe8+ Kh7 35. Rd8 c5 36. Rd5 Kg8 37. Rd8+ Kh7 38. h4 h5 39. Kg2 Rc3 40. Rd5 1/2-1/2

[Event "FIDE World Rapid Team"]
[Site "Almaty KAZ"]
[Date "2024.08.02"]
[Round "3.26"]
[White "Urazayev, Arystanbek"]
[Black "Isaev, Anton"]
[Result "1/2-1/2"]
[WhiteTitle "IM"]
[WhiteElo "2466"]
[BlackElo "2156"]
[WhiteTeam "Astana-1"]
[BlackTeam "Storm of Dragons"]
[WhiteFideId "13709810"]
[BlackFideId "24185132"]
[EventDate "2024.08.02"]

1. e4 c5 2. Nf3 d6 3. d4 cxd4 4. Nxd4 Nf6 5. Nc3 Nc6 6. Bc4 Bd7 7. Nxc6 Bxc6 8.
Qe2 g6 9. Bg5 Bg7 10. O-O-O Qb6 11. Be3 Qa5 12. Bd2 Qb6 13. Bb3 O-O 14. g4 a5
15. a4 Rfc8 16. Kb1 Nd7 17. Be3 Nc5 18. Nd5 Bxd5 19. exd5 Qb4 20. Bd2 Qb6 21.
Be3 Qb4 22. Bd2 Qb6 23. Be3 Qb4 24. Bd2 1/2-1/2

[Event "FIDE World Rapid Team"]
[Site "Almaty KAZ"]
[Date "2024.08.02"]
[Round "3.27"]
[White "Dosmukhambetov, Arystan"]
[Black "Zhalmakhanov, Ramazan"]
[Result "0-1"]
[BlackTitle "IM"]
[WhiteElo "1976"]
[BlackElo "2497"]
[WhiteTeam "Storm of Dragons"]
[BlackTeam "Astana-1"]
[WhiteFideId "13742418"]
[BlackFideId "13706357"]
[EventDate "2024.08.02"]

1. d4 Nf6 2. Bf4 c5 3. d5 b5 4. e4 Nxe4 5. Qf3 Qa5+ 6. Nd2 Nf6 7. h4 Bb7 8. c4
bxc4 9. Bxc4 e6 10. Bxb8 Rxb8 11. Qf4 Rd8 12. dxe6 d5 13. exf7+ Kxf7 14. Bd3 Bd6
15. Qf5 Rhe8+ 16. Kd1 Bc8 17. Qg5 Re5 18. Qg3 Re1+ 19. Kxe1 Bxg3 20. fxg3 Re8+
21. Kd1 c4 22. Bc2 Ng4 23. Nh3 Ne3+ 24. Kc1 Nxc2 25. Rf1+ Kg8 26. Kxc2 Re2 27.
Rad1 d4 28. Nf4 Bf5+ 29. Kc1 Qa4 30. Nb3 Rc2+ 31. Kb1 cxb3 32. a3 Rf2+ 33. Ka1
Qxa3+ 0-1

[Event "FIDE World Rapid Team"]
[Site "Almaty KAZ"]
[Date "2024.08.02"]
[Round "3.28"]
[White "Kamalidenova, Meruert"]
[Black "Akhmet, Suleyman"]
[Result "1-0"]
[WhiteTitle "IM"]
[WhiteElo "2352"]
[BlackElo "1730"]
[WhiteTeam "Astana-1"]
[BlackTeam "Storm of Dragons"]
[WhiteFideId "13712802"]
[BlackFideId "13752111"]
[EventDate "2024.08.02"]

1. e4 c5 2. c3 Nf6 3. e5 Nd5 4. Nf3 e6 5. d4 cxd4 6. cxd4 d6 7. Bc4 Nc6 8. O-O
dxe5 9. dxe5 Be7 10. Qe2 Nb6 11. Rd1 Qc7 12. Bd3 O-O 13. Qe4 g6 14. Bh6 Rd8 15.
Nc3 a6 16. a3 Nd7 17. Bf4 Nc5 18. Qe3 b5 19. Bf1 Bb7 20. b4 Rxd1 21. Rxd1 Nd7
22. h4 Rd8 23. Ne4 Nb6 24. Rxd8+ Qxd8 25. Bg5 Nd5 26. Qd2 Qc7 27. Bxe7 Ncxe7 28.
h5 Nc6 29. hxg6 hxg6 30. Qh6 Nxe5 31. Nfg5 Ng4 32. Qh7+ Kf8 33. Nc5 Bc8 34. Nge4
Ngf6 35. Qh8+ Ke7 36. Ng5 Nf4 37. Qg7 N6d5 38. Qxf7+ Kd6 39. Qf8+ Kc6 40. g3 Nh5
41. Ngxe6 Bxe6 42. Nxe6 Qe7 43. Nd4+ Kb7 44. Qf3 Nf6 45. Nb3 Qe5 46. Qd3 Qf5 47.
Qd4 Qb1 48. Nc5+ Kc6 49. Nxa6 Ne4 50. Nc5 Ng5 51. Qg4 Qc1 52. Qd7+ 1-0

[Event "FIDE World Rapid Team"]
[Site "Almaty KAZ"]
[Date "2024.08.02"]
[Round "3.29"]
[White "Kim, Kristina"]
[Black "Agmanov, Zhandos"]
[Result "1/2-1/2"]
[WhiteTitle "WCM"]
[BlackTitle "IM"]
[WhiteElo "1943"]
[BlackElo "2458"]
[WhiteTeam "Storm of Dragons"]
[BlackTeam "Astana-1"]
[WhiteFideId "13712438"]
[BlackFideId "13708309"]
[EventDate "2024.08.02"]

1. d4 Nf6 2. c4 e6 3. Nc3 Bb4 4. Qc2 c5 5. Nf3 cxd4 6. Nxd4 O-O 7. e3 Nc6 8. a3
Bxc3+ 9. Qxc3 d5 10. cxd5 Qxd5 11. Nxc6 bxc6 12. f3 e5 13. Bc4 Qd6 14. e4 Be6
15. Bxe6 Qxe6 16. O-O Rfb8 17. b4 a5 18. Bb2 Nd7 19. Rac1 Ra6 20. f4 Rab6 21. f5
Qe7 22. Qg3 f6 23. Bc3 axb4 24. axb4 c5 25. bxc5 Nxc5 26. Qe3 Rb3 27. Rfd1 Rc8
28. Qe2 Nxe4 29. Qxe4 Rbxc3 30. Rxc3 Rxc3 31. Qd5+ Kf8 32. Qa8+ Kf7 33. Qd5+ Kf8
34. Qa8+ Kf7 35. Qa2+ Kf8 36. Qa8+ Kf7 37. Qd5+ Kf8 1/2-1/2

[Event "FIDE World Rapid Team"]
[Site "Almaty KAZ"]
[Date "2024.08.02"]
[Round "3.30"]
[White "Naimanov, Rinat"]
[Black "Kertaev, Natan"]
[Result "0-1"]
[WhiteElo "1749"]
[BlackElo "1828"]
[WhiteTeam "Astana-1"]
[BlackTeam "Storm of Dragons"]
[WhiteFideId "13785109"]
[BlackFideId "13711555"]
[EventDate "2024.08.02"]

1. e4 e6 2. d4 d5 3. e5 c5 4. c3 Nc6 5. Nf3 Bd7 6. Be2 f6 7. O-O Qc7 8. Bf4 Nge7
9. Bg3 f5 10. Na3 Ng6 11. Nh4 Be7 12. Nxf5 exf5 13. e6 f4 14. exd7+ Qxd7 15. Bg4
Qd8 16. Be6 cxd4 17. Qh5 Qb6 18. Qxd5 Qc5 19. Qd7+ Kf8 20. Bd5 Rd8 21. Qf5+ Bf6
22. c4 Nce7 23. Qe6 Nxd5 24. cxd5 Qxd5 25. Qxd5 Rxd5 26. Rac1 fxg3 27. fxg3 Rd8
28. Nc4 Kf7 29. Na5 Rd7 0-1